Statistics for Countries With Most Teeth

Click here to take the quiz!

General Stats

  • This quiz has been taken 61 times
  • The average score is 20 of 25

Answer Stats

RankCountryTeeth% Correct
3United States10,592,084,832
100%
1China46,058,360,832
98%
2India44,160,140,320
95%
6Brazil6,801,901,344
90%
10Mexico4,125,848,096
90%
9Russia4,669,902,784
90%
21United Kingdom2,172,352,352
90%
4Indonesia8,752,755,680
86%
11Japan4,047,246,752
86%
5Pakistan7,068,554,880
86%
22France2,088,752,352
84%
19Germany2,681,086,144
84%
7Nigeria6,596,466,848
81%
14Egypt3,274,700,928
78%
17Turkey2,698,850,144
78%
18Iran2,687,774,368
74%
8Bangladesh5,270,060,256
72%
23Italy1,934,778,432
72%
16Democratic Republic of the Congo2,865,964,896
69%
20Thailand2,233,599,296
69%
13Philippines3,506,594,496
67%
25South Africa1,897,878,080
66%
15Vietnam3,116,434,528
66%
12Ethiopia3,678,834,816
62%
24Tanzania1,911,494,976
52%

Score Distribution

Percentile by Number Answered

Percent of People with Each Score

Your Score History

You have not taken this quiz